000 01342nam a22002777a 4500
005 20101206113148.0
008 101206t xxu||||| |||| 00| 0 hin d
010 _aHIN-93243
020 _c180.00
_a9789381067192
035 _aHN-65589
037 _bDBAD/PUB
040 _aDPL
_bHN
082 _a372.954
100 _924598
_aत्रिपाठी, विनायक
245 _aसर्व शिक्षा अभियानः
_cविनायक त्रिपाठी
_bसभी के लिए शिक्षा /
246 _asarv Shiksha Abhiyan
_bby Vinayak Tripathi
260 _aदिल्ली
_bआर्या पब्लिकेशन्स
_c2011
270 _bदिल्ली
_aए-20, गली न.4, हरदेव पुरी, 100 फुटा रोड़,पंजाब नैशनल बैंक के सामने
_e110093
_k011- 22813582
_maaryapub@yahoo.in
300 _a144पृ.
_c22सेमी (सजिल्द)
650 _91169
650 _929580
700 _924599
700 _924924
942 _2ddc
_cHN
_mत्रिपाठी
_h372.954
999 _c53964
_d53964